This is the house that jack built / (Record no. 4894)

MARC details
000 -LEADER
fixed length control field 00971nam a22002897a 4500
001 - CONTROL NUMBER
control field 4894
003 - CONTROL NUMBER IDENTIFIER
control field FISKH
005 - DATE AND TIME OF LATEST TRANSACTION
control field 20241023113637.0
008 - FIXED-LENGTH DATA ELEMENTS--GENERAL INFORMATION
fixed length control field 241023b cb ||||| |||| 00| 0 eng d
020 ## - INTERNATIONAL STANDARD BOOK NUMBER
International Standard Book Number 9780142402009
040 ## - CATALOGING SOURCE
Original cataloging agency FISKH
Language of cataloging eng
Transcribing agency FISKH
Modifying agency FISKH
050 ## - LIBRARY OF CONGRESS CALL NUMBER
Classification number PZ8.T1145
082 ## - DEWEY DECIMAL CLASSIFICATION NUMBER
Classification number 398.8
100 ## - MAIN ENTRY--PERSONAL NAME
Personal name Taback, Simms
Dates associated with a name (1932–2011)
245 ## - TITLE STATEMENT
Title This is the house that jack built /
Statement of responsibility, etc. Simms Taback
250 ## - EDITION STATEMENT
Edition statement 2002
260 ## - PUBLICATION, DISTRIBUTION, ETC.
Place of publication, distribution, etc. New York :
Name of publisher, distributor, etc. Puffin,
Date of publication, distribution, etc. 2002.
300 ## - PHYSICAL DESCRIPTION
Extent 19 pages :
Other physical details Color illustrations ;
Dimensions 28 cm
505 ## - FORMATTED CONTENTS NOTE
Formatted contents note N<br/>
520 ## - SUMMARY, ETC.
Summary, etc. Juvenile Fiction. Folklore. HTML:<br/>Jack's house is like no other and its inhabitants are full of fun and surprises. There is even a special guest star at the end of this humorous and unique interpretation of an age-old classic.
521 8# - TARGET AUDIENCE NOTE
Target audience note 580L<br/>
Source Lexile<br/>
521 8# - TARGET AUDIENCE NOTE
Target audience note N<br/>
Source Raz-Plus<br/>
650 ## - SUBJECT ADDED ENTRY--TOPICAL TERM
Source of heading or term Picture book
Topical term or geographic name entry element Repetition
650 ## - SUBJECT ADDED ENTRY--TOPICAL TERM
Source of heading or term Rhyme
Topical term or geographic name entry element Animals
942 ## - ADDED ENTRY ELEMENTS (KOHA)
Source of classification or shelving scheme Dewey Decimal Classification
Koha item type Books
Suppress in OPAC No
Holdings
Withdrawn status Lost status Source of classification or shelving scheme Damaged status Not for loan Home library Current library Shelving location Date acquired Total Checkouts Full call number Barcode Date last seen Copy number Price effective from Koha item type
    Dewey Decimal Classification     Footprints International School Library Network Toul Kork Campus Footprints International School Library Network Toul Kork Campus TK Primary Library Room(4th Floor), Bookcase 3&4, Shelves 17-32, Yellow Books 10/23/2024   TAB 398.8 PZ8.T1145 2024-2203 10/23/2024 1 10/23/2024 Books